[Event "Milan Sport&Cultura op"]
[Site "Milan"]
[Date "2010.02.14"]
[Round "4"]
[White "Curtacci, Sergio"]
[Black "D'Urbino, Ilan"]
[Result "1-0"]
[WhiteElo "1974"]
[BlackElo "1742"]
[PlyCount "93"]
[EventDate "2010.02.12"]
[EventType "swiss"]
[EventRounds "5"]
[EventCountry "ITA"]
[SourceTitle "EXT 2011"]
[Source "ChessBase"]
[SourceDate "2010.11.26"]
[SourceVersion "1"]
[SourceVersionDate "2010.11.26"]
[SourceQuality "1"]

1. d4 Nf6 2. Nf3 g6 3. Nbd2 c5 4. c3 d5 5. e3 Bf5 6. dxc5 Bg7 7. Nd4 0-0 8. Nxf5 gxf5 9. Bd3 e6 10. 0-0 Nbd7 11. Nb3 Qc7 12. Nd4 Nxc5 13. Bc2 Kh8 14. f3 Rad8 15. Qe2 a6 16. Bd2 Nh5 17. f4 Nf6 18. Be1 Rc8 19. Rf3 Ne8 20. Rh3 Bxd4 21. exd4 Ne4 22. Qh5 f6 23. Bxe4 dxe4 24. Bf2 Qf7 25. d5 Qxh5 26. Rxh5 Ng7 27. Rh6 exd5 28. Rd1 Rcd8 29. Bd4 Ne8 30. Rh5 Nd6 31. Bc5 Rfe8 32. Kf2 Nc4 33. Bd4 Kg7 34. Rxf5 Re6 35. Rg5+ Kf7 36. Rh5 Kg6 37. g4 e3+ 38. Ke2 Re4 39. b3 Nb2 40. Rf1 Rde8 41. Rxd5 Nd3 42. Kxd3 e2 43. Re1 Rxf4 44. Rxe2 Rxe2 45. Kxe2 Rxg4 46. Kf3 Rg1 47. Bxg1 1-0

[Event "Corsico op-B 41st"]
[Site "Corsico"]
[Date "2009.10.04"]
[Round "4"]
[White "Guzzetti, Luigi Enrico"]
[Black "D'Urbino, Ilan"]
[Result "0-1"]
[WhiteElo "1863"]
[BlackElo "1679"]
[PlyCount "57"]
[EventDate "2009.10.02"]
[EventType "swiss"]
[EventRounds "5"]
[EventCountry "ITA"]
[SourceTitle "EXT 2012"]
[Source "ChessBase"]
[SourceDate "2011.11.24"]
[SourceVersion "1"]
[SourceVersionDate "2011.11.24"]
[SourceQuality "1"]

1. e4 c5 2. Nf3 Nc6 3. d4 cxd4 4. Nxd4 Nf6 5. Nc3 e5 6. Nb3 Bb4 7. Bc4 0-0 8. Bg5 Qc7 9. Bxf6 Bxc3+ 10. bxc3 gxf6 11. 0-0 Ne7 12. Bd5 Nxd5 13. exd5 d6 14. f4 Kh8 15. fxe5 fxe5 16. Rf6 Rg8 17. Qf3 Rg7 18. Rf1 Bg4 19. Qe3 Rag8 20. Kh1 b6 21. Qh6 Qxc3 22. R6f2 Rg6 23. Qh4 f5 24. h3 Qe3 25. Rd2 Rh6 26. Qf2 Rxh3+ 27. Kg1 Qxf2+ 28. Rdxf2 Rc3 29. Nd4 0-1